| 000 | 00531nam a2200193Ia 4500 | ||
|---|---|---|---|
| 008 | 220531s9999 xx 000 0 und d | ||
| 041 | _aeng | ||
| 082 |
_a- _bMAN / DUM |
||
| 100 |
_aDumbre, G. M. and Others _985353 |
||
| 245 | _aManagement Accounting, B.B.A. (Sem.-III) With CD | ||
| 250 | _a1ST | ||
| 260 |
_aPune _bSuccess _c2014 |
||
| 300 | _a5.48 | ||
| 542 | _d24-11-2016 | ||
| 551 |
_aBba _bNon-grant-BBA |
||
| 650 |
_aManagement Accounting _985354 |
||
| 906 |
_cS.Y.B.B.A. _d2016-2017 _f9813 |
||
| 999 |
_c46921 _d46921 |
||